| 000 | 00584nam a2200205 4500 | ||
|---|---|---|---|
| 001 | 143866 | ||
| 003 | ES-MaACL | ||
| 005 | 20260525062933.0 | ||
| 007 | t| | ||
| 008 | 070214s1956 sp r ||||1| spa d | ||
| 100 | 1 |
_aShakespeare, William, _d1564-1616 _9105992 |
|
| 245 | 1 | 0 |
_aHamlet, Príncipe de Dinamarca / _cWilliam Shakespeare. |
| 250 | _a11ª ed. | ||
| 260 |
_aMadrid : _bEspasa-Calpe, _c1956. |
||
| 300 |
_a146 p. ; _c18 cm. |
||
| 490 | 1 |
_aColección austral ; _v27 |
|
| 830 | 0 |
_aColección austral _v27 _9177655 |
|
| 852 |
_aES-MaACL _jC-11638 _bR.39884 |
||
| 999 |
_c143866 _d143866 |
||